Riconosci il Pokémon - Quiz n°812 - Statistics

Statistiche generali
  • Questo quiz è stato fatto 4 volte
  • Il punteggio medio è 9 su 10
Statistiche sulle risposte
Indizio Riposta % Corretto
Altezza 1,5 m; 1,2 m (Megaevoluzione)
100%
Peso 48,0 kg
100%
Sesso 75% ♂, 25% ♀
100%
Tipo Pisco
100%
Generazione Prima
100%
Stadio evoluzione Seconda evoluzione
100%
Abilità Sincronismo; Forza Interiore; Magicscudo; Traccia (Megaevoluzione)
100%
Tasso di cattura 50 (12.9%)
50%
Pokémon Alakazam
50%
Tasso di allevamento Medio-Lento
50%
Nessun quiz corrispondente trovato
Distribuzione punteggi
Percentuale di utenti per punteggio
Percentile per numero di risposta
I tuoi punteggi nel tempo
Non hai fatto questo quiz